00451nam a2200133 a 450000500170000000800410001705000250005810000350008324500920011826000270021044000330023765000180027065000290028820140414093841.0081120s19uu xx uuu eng d aVCD 793.31bB34 2002 aBayanihan Folk Arts Foundation aTribal Suite, Vol 5 :bdances of Ethnic Pagan Origin /cBayanihan Folk Arts Foundation. bIvory Records,cc2002. aInstructional Video Series 1 aFolk Dancing. aFolk DancexPhilippines.